| 000 | 01034nam a2200265 i 4500 | ||
|---|---|---|---|
| 001 | bg | ||
| 003 | KOSZ 005 | ||
| 005 | 20200930121933.0 | ||
| 008 | 080820s1968 pl f 000 0 pol | ||
| 040 |
_aWA N _cKOSZ 005/RW _dKOSZ 005/RW _dKOSZ 005/HR |
||
| 046 | _k1968 | ||
| 080 | _a343(438) | ||
| 245 | 0 | 0 |
_aKodeks karny i prawo o wykroczeniach wraz ze skorowidzem rzeczowym : _bważniejsze ustawy szczególne / _c[akty prawne zebrała i oprac. Maria Kazimiera Piasecka]. |
| 250 | _aWyd. 15, stan prawny na dzień 1 II 1968 r. | ||
| 260 |
_aWarszawa : _bWydawnictwo Prawnicze, _c1968. |
||
| 300 |
_a730, [2] s. ; _c15 cm. |
||
| 380 | _aKsiążki. | ||
| 650 | 4 |
_aPrawo karne _zPolska. |
|
| 658 | _aPrawo i wymiar sprawiedliwości | ||
| 650 | 4 |
_aPrawo wykroczeń _zPolska |
|
| 700 | 1 |
_aPiasecka, Maria Kazimiera. _eOpracowanie |
|
| 710 | 2 |
_aWydawnictwo Prawnicze _4pbl. |
|
| 856 |
_uhttp://koha.tu.koszalin.pl/cgi-bin/koha/opac-detail.pl?biblionumber=11299 _yKatalog online BPK |
||
| 942 |
_2UKD _cKS |
||
| 999 |
_c11299 _d11299 |
||